00618nam a2200181 i 450000100060000000300090000600500170001500700030003200800410003504000200007610000230009624500550011926000660017430000270024065000370026785200520030485200800035654030ES-MaACL20230906162858.0t|960712s1877 sp ||||1| spa d aCAM bspa cCAM1 aFerreiroa, Urbano.13aLa cuestión de Oriente / cpor Urbano Ferreiroa. aMadrid : b[s.n.], c1877 (fimprenta de F. Maroto é hijos) a158, [1] p. ; c20 cm. 4aCuestión de Oriente (Balcanes) aES-MaACLjD-1739 z.- Legado de M. de la Fuente aES-MaACLjT-417-F-3 z.- Enc. en un vol. facticio falto de la cub. original